Score 0/36 Timer 10:00
0 Plays Today
Hint Answer % Correct
1stHighSpace
88.9%
3rdHighSpace
88.9%
1stBen
77.8%
4thLime
77.8%
3rdJ0gles
77.8%
4thJogles
77.8%
2ndLightBat
77.8%
1stHello
77.8%
1stScar
66.7%
2ndJustin
55.6%
1stKid
55.6%
1stEddie
55.6%
4thRyan
55.6%
2ndLake
55.6%
2ndPyro
44.4%
4thDarth
44.4%
3rdEllie
44.4%
1stKit
44.4%
Hint Answer % Correct
2ndSnuffed
33.3%
4thPenguin
33.3%
1stLiam
33.3%
4thYote
33.3%
3rdPixoi
33.3%
Victor
33.3%
4thHoney
22.2%
3rdRobert
22.2%
3rdHazel
22.2%
3rdGavyn
22.2%
2ndSamantha
22.2%
3rdReazo
22.2%
3rdSuper
22.2%
2ndLoopy
22.2%
2ndOtis
22.2%
2ndSamburu
22.2%
4thWham
22.2%
4thZanny
11.1%
Remove Ads.
Support Sporcle.
Get the best of Sporcle when you Go Orange. This ad-free experience offers more features, more stats, and more fun while also helping to support Sporcle. Thank you for becoming a member.

You're not logged in!

Compare scores with friends on all Sporcle quizzes.
OR
Log In

Show Comments

Extras

Created Dec 17, 2018ReportNominate
Tags:final, Ryan

Top Quizzes Today


Score Distribution

Your Account Isn't Verified!

In order to create a playlist on Sporcle, you need to verify the email address you used during registration. Go to your Sporcle Settings to finish the process.

Report this User

Report this user for behavior that violates our Community Guidelines.

Details: